000 01766cam a22004697a 4500
001 000094857
003 CHAP
005 20220329143045.0
008 051116d2005 mx a r 00110 spa d
010 _a91323
011 _a92295
035 _a102859
040 _cCHAP
090 _aTesis
100 0 0 _aSánchez Sánchez, Gabriel.
_9107861
245 1 0 _aMercado y comercialización de ganado bovino en México /
_c/por Gabriel Sánchez Sánchez.
260 _aChapingo, Méx. :
_bEl autor,
_c2005.
300 _a111 h. ; :
_bgráfs.
502 _aTesis (Lic. en Comercio Internacional de Productos Agropecuarios) -- UACH. División de Ciencias Económico Administrativas
590 _aALEPH
_b10
_c20130110
_lUCH01
_h1507
590 _aBATCH-UPD
_b10
_c20130110
_lUCH01
_h0617
590 _aBATCH-UPD
_b10
_c20130110
_lUCH01
_h2318
590 _aBATCH-UPD
_b10
_c20130410
_lUCH01
_h0300
590 _aBATCH-UPD
_b10
_c20130410
_lUCH01
_h1619
590 _aBATCH-UPD
_b10
_c20130914
_lUCH01
_h1017
590 _aBATCH-UPD
_b10
_c20140324
_lUCH01
_h1452
590 _aBATCH-UPD
_b10
_c20141002
_lUCH01
_h0827
590 _aCONVERSION
_b10
_c20130109
_lUCH01
_h1351
590 _aE792CSJ
_b10
_c20130703
_lUCH01
_h1236
650 1 4 _aComercio internacional.
_925641
650 1 4 _aGanado de carne
_xMercadeo
_zMéxico.
_945096
650 1 4 _aGanado de carne
_xMéxico.
_945097
650 1 4 _aGanado vacuno
_xMercadeo
_xMéxico.
_945484
650 1 4 _aGanado vacuno
_xMéxico.
_945492
856 _3Finding aid
_uhttp://10.13.5.2/tesis/102859.pdf
_zTeclea aquí
901 _aBK
905 _aAlejandra Carrasco M.
942 _cCD
942 _n0
949 _aTesis
_bBC
_cTES
_d1028591
_eTS1
_h44094
_i102859
_sb
949 _aTesis
_bBC
_cTES
_d33724000968640
_eTS2
_fc.2
_h44095
_i102859
_si
999 _c91323
_d91323